Devinez le fruit à partir d'un mot - Statistiques

Statistiques générales
  • Ce quiz a été pris 159 fois
  • Le résultat moyen est 6 sur 15
Statistiques - réponses
Indice Fruit % Correct
Adam Pomme
96%
vin Raisin
95%
charlotte Fraise
83%
bombe Grenade
60%
chapeau Melon
60%
calendrier Datte
36%
Lorraine Mirabelle
22%
maquereau Groseille
20%
oiseau Kiwi
19%
canne Pêche
19%
sac Banane
18%
angle Coing
17%
dupe Poire
13%
maçon Mûre
11%
carnets Cerise
8%
Aucun quiz correspondant
Distribution des résultats
% des personnes avec chaque résultat
Percentile par nombre de réponses
Votre historique - résultats
Vous n’avez pas pris ce quiz